Memphis Grizzlies All-Time Starters - Statistics

General Stats
  • This quiz has been taken 40 times
  • The average score is 5 of 7
Answer Stats
Hint Answer % Correct
C Marc Gasol
97%
PG Mike Conley
97%
PF Pau Gasol
97%
6th man Zach Randolph
91%
SG Tony Allen
65%
SF Shareef Abdur-Rahim
29%
Coach Lionel Hollins
3%
No matching quizzes found
Score Distribution
Percent of People with Each Score
Percentile by Number Answered
Your Score History
You have not taken this quiz